Normal view MARC view

Entry Topical Term

Number of records used in: 1

001 - CONTROL NUMBER

  • control field: 18565

003 - CONTROL NUMBER IDENTIFIER

  • control field: OSt

005 - DATE AND TIME OF LATEST TRANSACTION

  • control field: 20201012170522.0

008 - FIXED-LENGTH DATA ELEMENTS

  • fixed length control field: 201012|| aca||aabn | a|a d

040 ## - CATALOGING SOURCE

  • Original cataloging agency: OSt
  • Transcribing agency: OSt

150 ## - HEADING--TOPICAL TERM

  • Topical term or geographic name entry element: Actuarial studies, Health, Public health, Retirement policies, Insurance companies

670 ## - SOURCE DATA FOUND

  • Source citation: Work cat.: (OSt): Wettstein, Gal 18564, Retirement lock and prescription drug insurance: evidence from Medicare Part D

Powered by Koha